Beyoncé - RENAISSANCE - Statistics

General Stats
  • This quiz has been taken 266 times
  • The average score is 12 of 16
Answer Stats
2022 RENAISSANCE % Correct
3 ALIEN SUPERSTAR
91%
2 COZY
88%
4 CUFF IT
87%
6 BREAK MY SOUL
86%
1 I'M THAT GIRL
86%
16 SUMMER RENAISSANCE
84%
7 CHURCH GIRL
75%
15 PURE/HONEY
75%
9 VIRGO'S GROOVE
75%
11 HEATED
72%
14 AMERICA HAS A PROBLEM
71%
8 PLASTIC OFF THE SOFA
71%
12 THIQUE
69%
13 ALL UP IN YOUR MIND
61%
5 ENERGY (feat. Beam)
49%
10 MOVE (feat. Grace Jones & Tems)
46%
No matching quizzes found
Score Distribution
Percent of People with Each Score
Percentile by Number Answered
Your Score History
You have not taken this quiz